| 000 | 01414nam a2200313 c 4500 | ||
|---|---|---|---|
| 003 | BLK | ||
| 005 | 20180422114701.0 | ||
| 008 | 180411b bul|||||r ||||||| ||bul|| | ||
| 010 | _aKNG00183392000 | ||
| 040 | _aBLK | ||
| 041 |
_aBUL _cBUL |
||
| 080 |
_aОкеанология (океанография). Релеф на морското дъно - Общи въпроси, теория, наблюдения, прибори, приложна океанология, зони на морето и тяхното хоризонтално деление, морско равнище, вълни, при _b551.46 _x(02.062) _z551.46(02.062) |
||
| 100 | 1 |
_aТилев, Христо Петров _eпърви автор _9382164 |
|
| 139 |
_aТилев, Христо Петров _bТ 54 |
||
| 245 | 1 | 0 |
_aСветовният океан _cХристо Петров Тилев. |
| 257 | _aBGR | ||
| 260 |
_аСофия _bНаука и изкуство _c1958 |
||
| 300 |
_a140 с. _bс ил. _c18 см |
||
| 380 | _a5 | ||
| 490 | 1 | _aБиблиотека Научно-популярно географско четиво | |
| 650 | 4 |
_aОкеани _9164867 |
|
| 653 | _aокеани | ||
| 653 | _aнаучно-популярни книги | ||
| 852 | _aЦб І 2083 | ||
| 856 | 4 |
_qpdf _u |
|
| 856 | 4 |
_qpdf _u |
|
| 942 |
_cKNG _n0 |
||
| 944 |
_aCR _c08.10.2015 _kМилена_Ачева |
||
| 944 |
_aED _c14.10.2015 _kНаталия_Любомирова |
||
| 999 |
_c174886 _d174886 |
||